<?xml version="1.0" encoding="UTF-8"?>
<collection xmlns:xsi="http://www.w3.org/2001/XMLSchema-instance" xsi:schemaLocation="http://www.loc.gov/MARC21/slim http://www.loc.gov/standards/marcxml/schema/MARC21slim.xsd" xmlns="http://www.loc.gov/MARC21/slim">
 <record>
  <leader>00000caa a22000003a 4500</leader>
  <controlfield tag="001">UP-8027390931312503610</controlfield>
  <controlfield tag="003">Buklod</controlfield>
  <controlfield tag="005">20200319145847.0</controlfield>
  <controlfield tag="006">o--- |     ||   ||</controlfield>
  <controlfield tag="007">ta</controlfield>
  <controlfield tag="008">200319s        xx     d     r    |||| u|</controlfield>
  <datafield tag="035" ind1=" " ind2=" ">
   <subfield code="a">(iLib)UPCEB-00011919365</subfield>
  </datafield>
  <datafield tag="040" ind1=" " ind2=" ">
   <subfield code="a">emz</subfield>
  </datafield>
  <datafield tag="100" ind1="1" ind2=" ">
   <subfield code="a">Scherer, Klaus R.</subfield>
  </datafield>
  <datafield tag="245" ind1="0" ind2="4">
   <subfield code="a">The Emotion Process</subfield>
   <subfield code="b">Event Appraisal and Component Differentiation.   [article].</subfield>
  </datafield>
  <datafield tag="300" ind1=" " ind2=" ">
   <subfield code="a">pp. 719-745</subfield>
  </datafield>
  <datafield tag="520" ind1=" " ind2=" ">
   <subfield code="a">Much emotion research has focused on the end result of the emotion process, categorical emotions, as reported by the protagonist or diagnosed by the researcher, with the aim of differentiating these discrete states. In contrast, this review concentrates on the emotion process itself by examining how (a) elicitation, or the appraisal of events, leads to (b) differentiation, in particular, action tendencies accompanied by physiological responses and manifested in facial, vocal, and gestural expressions, before (c) conscious representation or experience of these changes (feeling) and (d) categorizing and labeling these changes according to the semantic profiles of emotion words. The review focuses on empirical, particularly experimental, studies from emotion research and neighboring domains that contribute to a better understanding of the unfolding emotion process and the underlying mechanisms, including the interactions among emotion components. --  (from the author)</subfield>
  </datafield>
  <datafield tag="650" ind1="1" ind2="7">
   <subfield code="a">Emotion process.</subfield>
  </datafield>
  <datafield tag="650" ind1="1" ind2="7">
   <subfield code="a">Appraisal.</subfield>
  </datafield>
  <datafield tag="650" ind1="1" ind2="7">
   <subfield code="a">Action tendency.</subfield>
  </datafield>
  <datafield tag="650" ind1="1" ind2="7">
   <subfield code="a">Physiological responses.</subfield>
  </datafield>
  <datafield tag="650" ind1="1" ind2="7">
   <subfield code="a">Facial and vocal expressions.</subfield>
  </datafield>
  <datafield tag="773" ind1="0" ind2=" ">
   <subfield code="a">Annual Review of Psychology.</subfield>
   <subfield code="g">vol. 70.  2019.</subfield>
  </datafield>
  <datafield tag="942" ind1=" " ind2=" ">
   <subfield code="a">Analytics</subfield>
  </datafield>
 </record>
</collection>
